Größte Banken Österreichs - Statistiken

Allgemein
  • Dieses Quiz wurde 23 mal gespielt
  • Das Durchschnittsergebnis liegt bei 3 aus 10
Antwortstatistiken
Rang Kreditinstitut Bilanzsumme in Mrd. Euro % Korrekt
1 Erste Group Bank AG 373,155
95%
2 Raiffeisenbank International AG 198,241
73%
4 BAWAG Group AG 55,448
55%
7 Oberbank AG 27,834
45%
3 UniCredit Bank Austria AG 102,745
45%
10 Allgemeine Sparkasse Oberösterreich Bank AG 15,726
0%
6 Raiffeisenlandesbank Niederösterreich-Wien AG 35,078
0%
5 Raiffeisenlandesbank Oberösterreich AG 47,838
0%
9 Raiffeisen-Landesbank Steiermark 17,114
0%
8 Steiermärkische Bank und Sparkassen AG 21,294
0%
Keine übereinstimmenden Quizze gefunden
Verteilung der Resultate
Anzahl Personen mit jedem Resultat
Perzentil nach korrekt beantworteten Fragen
Ihre Resultats-Entwicklung
Sie haben dieses Quiz noch nicht gespielt